000 00957nam a2200289 i 4500
001 000038226
003 DO-SdBNP
005 20260316141022.0
007 ta
008 130404s2006 dr 000 0 spa d
040 _aDO-SdBNP
_bspa
_cBNPHU
_erda
041 _aspa
082 4 _a331.12
_bM553t 2005
_222
245 0 0 _aMercado de trabajo 2005.
264 _aSanto Domingo :
_bBanco Central de la República Dominicana,
_c[2006?].
300 _a129, [39] páginas :
_bilustraciones, graficos ;
_c21 cm.
336 _atexto
_btxt
_2rdacontent
337 _asin mediación
_bn
_2rdamedia
338 _avolumen
_bnc
_2rdacarrier
590 _aInventariado, 2018/VM
650 4 _aMercado de trabajo
_zRepública Dominicana
_919058
650 4 _aMercado de trabajo
_zRepública Dominicana
_919058
650 4 _aEmpleo
_964598
710 2 _aBanco Central de la República Dominicana
_983405
910 _aValidado. Control de calidad MFF
942 _2ddc
_cLBS1
999 _c37716
_d37716